Crusaders Kings 3 (Espagne) - Statistiques

Statistiques générales
  • Ce quiz a été pris 13 fois
  • Le résultat moyen est 5 sur 23
Statistiques - réponses
Question Réponse % Correct
Notre avenutre se déroule sur la péninsule ... Ibérique
100%
Le Roi de Leon est décédé à cause de la terrible maladie du ... Cancer
42%
Quelle est l'orientation sexuelle du Roi de Galice ? Homosexuel
42%
Parmis les royaumes catholiques d'Espagne, un seul n'est pasjoué par l'un d'entre nous, le quel est-il ? la Castille
33%
La première croisade a eu lieu en .... (lieu) Sicile
33%
Le Roi de Leon est le chef de la culture ... Castillane
25%
Quel est le prenom du Roi de Galice ? Jala
25%
Contre quel pays les Royaumes de Navarre,Leon et de Barcelone ont ils mené une guerre commune ? la France
25%
Comment se nomme le Royaume musulman au centre de l'Espagne ? Al Sarq
17%
Quel est le prénom entier du Roi de Navarre ? Antonio Rigoberto
17%
Quel est le prénom du Roi de Leon ? Arturo
17%
A quel siècle sommes nous à l'heure actuelle dans le jeu ? le 12e
17%
Quel est le surnom du Roi de Galice ? le Faucon
17%
Quel est le nom du succésseur du Roi de Navarre ? Abribus
8%
Quel est le surnom du Roi de Navarre ? le Bon vivant
8%
Autour de quel légume tourne principalement les prénomsdes héritiers de Galice ? le Piment
8%
Quelle île initialement musulmane a été annexé par le Duc de Barcelone ? Mallorque
8%
Quel est le prénom du Duc de Barcelone ? Ramon
8%
A quel animal fantastique la forme du Royaume de Leon nousfait il penser ? un Dragon
8%
Quel trait digne d'un dolphins défini le Duc de Barcelone ? Débauché
0%
Quel trait désobligeant caractérise le Roi de Navarre ? Déloyal
0%
Quel est le nom du rival du Duc de Barcelone ? Ermengol
0%
Quel duché ou comté fait l'objet du traité de Lerida ? l'Algarve / Al Gharb
0%
Aucun quiz correspondant
Distribution des résultats
% des personnes avec chaque résultat
Percentile par nombre de réponses
Votre historique - résultats
Vous n’avez pas pris ce quiz